| 000 | 00873nam a2200205Ia 4500 | ||
|---|---|---|---|
| 001 | 15077 | ||
| 003 | GE_BSU | ||
| 008 | 181216s||||||||xx |||||||||||||| ||und|| | ||
| 040 | _cGE_BSU | ||
| 080 | _a821.353.1-2 | ||
| 100 | _aშანშიაშვილი, სანდრო | ||
| 245 | _aანზორ : დრამა 4 მოქმედებად | ||
| 245 | _cგადმოკეთებული ვ/ს. ივანოვის "14-69"-დან ; პ/მგ. რედ.: ი. ლისაშვილი. | ||
| 260 | _aტფილისი. | ||
| 260 | _bფედერაცია. | ||
| 260 | _c1935 | ||
| 300 | _a116გვ. ; 20სმ | ||
| 300 | _bდამატებითი თავფ. სათაური რუს. ენაზე. - ყდაზე: სათაური ანზორ ამბოკარი. | ||
| 942 | _cBK | ||
| 999 |
_c48195 _d48195 |
||